パリ五輪 メダル獲得数 - Statistics

General Stats
  • This quiz has been taken 236 times
  • The average score is 16 of 20
Answer Stats
総獲得数 国・地域 % Correct
40 27 24 91 中華人民共和国
100%
20 12 13 45 日本
100%
40 44 42 126 アメリカ合衆国
99%
16 26 22 64 フランス
99%
12 13 8 33 ドイツ
96%
14 22 29 65 英国
94%
13 9 10 32 大韓民国
94%
9 7 11 27 カナダ
94%
5 4 9 18 スペイン
92%
3 7 10 20 ブラジル
92%
12 13 15 40 イタリア
91%
18 19 16 53 オーストラリア
84%
15 7 12 34 オランダ
74%
4 4 3 11 スウェーデン
66%
4 1 3 8 ノルウェー
61%
10 7 3 20 ニュージーランド
58%
4 2 5 11 ケニア
50%
4 0 3 7 アイルランド
48%
6 7 6 19 ハンガリー
45%
8 2 3 13 ウズベキスタン
21%
No matching quizzes found
Score Distribution
Percent of People with Each Score
Percentile by Number Answered
Your Score History
You have not taken this quiz